[Event "ITA-ch U20"]
[Site "Tarvisio"]
[Date "2023.07.09"]
[Round "9"]
[White "Briata, Nicolo"]
[Black "Catalano, Leonardo"]
[Result "1-0"]
[WhiteElo "2069"]
[BlackElo "1774"]
[PlyCount "117"]
[EventDate "2023.07.02"]
[EventType "swiss"]
[EventRounds "9"]
[EventCountry "ITA"]
[SourceTitle "EXT 2024"]
[Source "ChessBase"]
[SourceDate "2023.10.10"]
[SourceVersion "1"]
[SourceVersionDate "2023.10.10"]
[SourceQuality "1"]

1. e4 c5 2. Nf3 Nc6 3. d4 cxd4 4. Nxd4 Nf6 5. Nc3 e5 6. Ndb5 d6 7. Bg5 a6 8. Na3 b5 9. Nd5 Be7 10. Bxf6 Bxf6 11. c4 b4 12. Nc2 a5 13. g3 0-0 14. h4 Rb8 15. b3 g6 16. h5 Bg7 17. Bh3 Be6 18. hxg6 hxg6 19. Kf1 Qd7 20. Kg2 Qa7 21. g4 Nd4 22. Nxd4 exd4 23. g5 Bxd5 24. exd5 d3 25. Rb1 Qd4 26. Qd2 Rfe8 27. Rbd1 Qe4+ 28. Kg1 Bc3 29. Qxd3 Qxd3 30. Rxd3 Re2 31. Kg2 Rxa2 32. Bd7 Rb2 33. Ba4 Rb7 34. c5 Be5 35. Re1 Rb8 36. c6 Kg7 37. c7 Rc8 38. Rxe5 dxe5 39. d6 Rc2 40. d7 R2xc7 41. dxc8Q Rxc8 42. Rd5 Ra8 43. Rxe5 f5 44. Kf3 Kf7 45. Ke3 Ra7 46. Kd4 Ra8 47. Kc4 Rc8+ 48. Kb5 Rc2 49. Kxa5 Rxf2 50. Kxb4 Rg2 51. Kc5 Rxg5 52. b4 Rg4 53. Bb3+ Kf6 54. Re6+ Kg7 55. b5 f4 56. b6 f3 57. Re7+ Kh6 58. Rf7 Rg5+ 59. Bd5 1-0

[Event "ITA-ch U20"]
[Site "Tarvisio"]
[Date "2023.07.08"]
[Round "8"]
[White "Lacambra, Gem Elijah"]
[Black "Briata, Nicolo"]
[Result "1-0"]
[WhiteElo "1837"]
[BlackElo "2069"]
[PlyCount "95"]
[EventDate "2023.07.02"]
[EventType "swiss"]
[EventRounds "9"]
[EventCountry "ITA"]
[SourceTitle "EXT 2024"]
[Source "ChessBase"]
[SourceDate "2023.10.10"]
[SourceVersion "1"]
[SourceVersionDate "2023.10.10"]
[SourceQuality "1"]

1. Nf3 Nf6 2. g3 d5 3. Bg2 e6 4. 0-0 Bd6 5. c4 0-0 6. d4 c6 7. Nc3 Nbd7 8. Nd2 Bb4 9. Qb3 Bxc3 10. bxc3 b6 11. cxd5 cxd5 12. c4 Bb7 13. Qa4 a6 14. cxd5 Bxd5 15. e4 Bb7 16. Bb2 b5 17. Qb3 Nb6 18. Rfe1 Rc8 19. Rf1 Ra8 20. Rfe1 Rc8 21. Rad1 Nc4 22. Nxc4 Rxc4 23. d5 exd5 24. exd5 Re8 25. Bxf6 Rxe1+ 26. Rxe1 gxf6 27. Qe3 Kg7 28. h3 Qd6 29. Qe7 Qxe7 30. Rxe7 Bc8 31. Ra7 Rc1+ 32. Kh2 Rc2 33. d6 Be6 34. Bd5 Bc8 35. d7 Bxd7 36. Rxd7 Kg6 37. Kg1 Rxf2 38. Bxf7+ Kf5 39. Rd1 a5 40. Rf1 Kg5 41. Rxf2 a4 42. h4+ Kh6 43. Rxf6+ Kg7 44. Rf2 b4 45. Bd5 b3 46. axb3 axb3 47. Be4 h5 48. Bd5 1-0

[Event "ITA-ch U20"]
[Site "Tarvisio"]
[Date "2023.07.06"]
[Round "5"]
[White "Briata, Nicolo"]
[Black "Cervini, Alessandro"]
[Result "0-1"]
[WhiteElo "2069"]
[BlackElo "1796"]
[PlyCount "58"]
[EventDate "2023.07.02"]
[EventType "swiss"]
[EventRounds "9"]
[EventCountry "ITA"]
[SourceTitle "EXT 2024"]
[Source "ChessBase"]
[SourceDate "2023.10.10"]
[SourceVersion "1"]
[SourceVersionDate "2023.10.10"]
[SourceQuality "1"]

1. e4 c5 2. Nf3 d6 3. d4 cxd4 4. Nxd4 Nf6 5. Nc3 a6 6. Be3 e5 7. Nb3 Be6 8. f3 Be7 9. Qd2 0-0 10. 0-0-0 Nbd7 11. g4 b5 12. g5 Nh5 13. Nd5 Bxd5 14. exd5 f5 15. gxf6 Bxf6 16. Na5 Qe8 17. Bh3 Nf4 18. Bxf4 exf4 19. Bxd7 Qxd7 20. Rde1 Rae8 21. Rxe8 Qxe8 22. Re1 Qh5 23. Qe2 Qxd5 24. Qe6+ Qxe6 25. Rxe6 g5 26. Rxd6 g4 27. fxg4 f3 28. Rd1 Bg5+ 29. Kb1 f2 0-1

[Event "ITA-ch U16"]
[Site "Salsomaggiore Terme"]
[Date "2019.07.14"]
[Round "9"]
[White "Pasin, Mattia"]
[Black "Briata, Nicolo"]
[Result "0-1"]
[WhiteElo "1868"]
[BlackElo "1691"]
[PlyCount "148"]
[EventDate "2019.07.07"]
[EventType "swiss"]
[EventRounds "9"]
[EventCountry "ITA"]
[SourceTitle "EXT 2020"]
[Source "ChessBase"]
[SourceDate "2019.10.17"]
[SourceVersion "1"]
[SourceVersionDate "2019.10.17"]
[SourceQuality "1"]

1. d4 Nf6 2. c4 e6 3. Nc3 Bb4 4. Qc2 c5 5. dxc5 Nc6 6. Nf3 Qa5 7. Bd2 Qxc5 8. e3 d5 9. a3 Bxc3 10. Bxc3 dxc4 11. Bxf6 gxf6 12. Qxc4 Qxc4 13. Bxc4 Rg8 14. 0-0 e5 15. Kh1 Ke7 16. h3 Bf5 17. Rac1 Rad8 18. b4 a6 19. Bxa6 bxa6 20. Rxc6 Rd7 21. Rfc1 Bd3 22. Rb6 Bb5 23. a4 Bxa4 24. Rxa6 Bb5 25. Rb6 Be2 26. b5 Ra8 27. Rc2 Ra1+ 28. Kh2 Bd1 29. Rd2 Rxd2 30. Nxd2 Ra2 31. Ne4 f5 32. Rb7+ Ke6 33. Ng5+ Kf6 34. Nxh7+ Kg7 35. Ng5 Rxf2 36. Nxf7 Bf3 37. Nd6+ Bxb7 38. Nxb7 Rb2 39. Nd6 Kf6 40. Ne8+ Kg5 41. Kg3 Rb3 42. Kf3 Rb2 43. Nd6 Rd2 44. Nc4 e4+ 45. Kg3 Rc2 46. Nd6 Kf6 47. b6 Rb2 48. b7 Ke6 49. Nc4 Rxb7 50. Kf4 Rb4 51. Na3 Rb2 52. g4 Rf2+ 53. Kg5 fxg4 54. hxg4 Kd5 55. Nb5 Rf3 56. Nc3+ Ke5 57. Nd1 Rf1 58. Nb2 Kd5 59. Na4 Re1 60. Kf4 Rf1+ 61. Kg5 Rf3 62. Nc3+ Ke5 63. Nd1 Rf1 64. Nb2 Rc1 65. Kg6 Rc3 66. g5 Rc6+ 67. Kh5 Kf5 68. Nd1 Rg6 69. Nf2 Rxg5+ 70. Kh4 Rg1 71. Kh3 Re1 72. Ng4 Rh1+ 73. Nh2 Rg1 74. Kh4 Re1 0-1

[Event "ITA-ch U16"]
[Site "Salsomaggiore Terme"]
[Date "2019.07.12"]
[Round "7"]
[White "Briata, Nicolo"]
[Black "Miotto, Alberto"]
[Result "1-0"]
[WhiteElo "1691"]
[BlackElo "2009"]
[PlyCount "34"]
[EventDate "2019.07.07"]
[EventType "swiss"]
[EventRounds "9"]
[EventCountry "ITA"]
[SourceTitle "EXT 2020"]
[Source "ChessBase"]
[SourceDate "2019.10.17"]
[SourceVersion "1"]
[SourceVersionDate "2019.10.17"]
[SourceQuality "1"]

1. e4 e6 2. d4 d5 3. Nd2 Be7 4. Bd3 c5 5. dxc5 Nf6 6. exd5 Qxd5 7. Ngf3 0-0 8. 0-0 Rd8 9. Re1 a5 10. Re5 Qc6 11. Nb3 Nbd7 12. Nbd4 Qc7 13. Nb5 Qb8 14. Bf4 Nxc5 15. Rf5 Bd6 16. Bxd6 Rxd6 17. Rxc5 b6 1-0

[Event "Acqui Terme Collino op 2nd"]
[Site "Acqui Terme"]
[Date "2017.11.05"]
[Round "5"]
[White "Musheghyan, Murad"]
[Black "Briata, Nicolo"]
[Result "1-0"]
[WhiteElo "1781"]
[BlackElo "1639"]
[PlyCount "53"]
[EventDate "2017.11.03"]
[EventType "swiss"]
[EventRounds "5"]
[EventCountry "ITA"]
[SourceTitle "CBM 181 Extra"]
[Source "ChessBase"]
[SourceDate "2017.12.12"]
[SourceVersion "1"]
[SourceVersionDate "2017.12.12"]
[SourceQuality "1"]

1. e4 e5 2. Nf3 Nc6 3. Bc4 Bc5 4. 0-0 Nf6 5. d4 Bxd4 6. Nxd4 Nxd4 7. Bg5 h6 8. Bh4 d6 9. f4 Nc6 10. Bxf6 gxf6 11. Qh5 Qe7 12. Nc3 Be6 13. Bxe6 Qxe6 14. Nd5 0-0-0 15. fxe5 Qxe5 16. Qxf7 Rd7 17. Qxf6 Re8 18. Qxe5 Rxe5 19. c3 Rg7 20. Rf8+ Nd8 21. Re1 Kd7 22. Ref1 Ne6 23. R1f7+ Rxf7 24. Rxf7+ Kd8 25. Rh7 Rxe4 26. Rh8+ Kd7 27. Nf6+ 1-0

[Event "Acqui Terme Collino op 2nd"]
[Site "Acqui Terme"]
[Date "2017.11.04"]
[Round "2"]
[White "Baldizzone, Mario"]
[Black "Briata, Nicolo"]
[Result "1-0"]
[WhiteElo "2098"]
[BlackElo "1639"]
[PlyCount "127"]
[EventDate "2017.11.03"]
[EventType "swiss"]
[EventRounds "5"]
[EventCountry "ITA"]
[SourceTitle "CBM 181 Extra"]
[Source "ChessBase"]
[SourceDate "2017.12.12"]
[SourceVersion "1"]
[SourceVersionDate "2017.12.12"]
[SourceQuality "1"]

1. e4 e5 2. Nf3 Nc6 3. Nc3 Nf6 4. Bb5 d6 5. d4 exd4 6. Nxd4 Bd7 7. 0-0 g6 8. Bxc6 bxc6 9. Re1 Be7 10. Nf3 0-0 11. Bh6 Re8 12. e5 dxe5 13. Nxe5 Bd6 14. Nxd7 Qxd7 15. Qd2 Qg4 16. h3 Qf5 17. Qg5 Qxg5 18. Bxg5 Nd5 19. Ne4 f5 20. Nf6+ Nxf6 21. Bxf6 Kf7 22. Bd4 c5 23. Bc3 c4 24. Kf1 a5 25. a3 Be7 26. Rad1 Red8 27. Rxd8 Bxd8 28. Rd1 c5 29. Rd7+ Be7 30. a4 Ke6 31. Rb7 Kd6 32. f4 Ke6 33. Ke2 h6 34. Kf3 Ra6 35. Rb5 g5 36. g4 fxg4+ 37. hxg4 gxf4 38. Kxf4 Kd5 39. Rxa5 Rxa5 40. Bxa5 Bf6 41. Bc3 Bg5+ 42. Kf5 Bc1 43. a5 Kc6 44. Kg6 Kb5 45. Kf5 Kc6 46. Ke6 Be3 47. Bf6 Kb5 48. Bd8 Bc1 49. Kd5 Bxb2 50. a6 Kxa6 51. Kxc5 c3 52. Bf6 Kb7 53. Bg7 Bc1 54. Bxc3 Kc7 55. Kd5 Kd7 56. Bb4 Bf4 57. Ke4 Bg5 58. Kf5 Kc6 59. Bf8 Kd5 60. Kg6 Kc4 61. Bxh6 Bh4 62. Bg7 Kd5 63. Kf5 Kc4 64. g5 1-0